000 00418nam a2200169Ia 4500
008 131103s9999 xx 000 0 und d
040 _aLoreto College
041 _aEnglish
082 _a920/COO
_bLCLIB/
100 _aCooper, Duff
245 _aOld men forget
_cDuff Cooper
260 _aLondon
_bReaders union
_c1955
300 _a376p.
_c 22cm.
650 _aBiography
850 _aLCLIB/920/COO
942 _cBK
999 _c25046
_d75525